[Event "Backa Topola-ch"]
[Site "Backa Topola"]
[Date "2019.12.11"]
[Round "8"]
[White "Tomik, Lajos"]
[Black "Radovic, Goran"]
[Result "1-0"]
[WhiteElo "1977"]
[BlackElo "1810"]
[PlyCount "71"]
[EventDate "2019.11.25"]
[EventType "swiss"]
[EventRounds "9"]
[EventCountry "SRB"]
[SourceTitle "CBM 193 Extra"]
[Source "ChessBase"]
[SourceDate "2020.01.31"]
[SourceVersion "1"]
[SourceVersionDate "2020.01.31"]
[SourceQuality "1"]

1. d4 Nf6 2. Nf3 g6 3. c4 Bg7 4. e3 d6 5. Be2 Nbd7 6. Nc3 c6 7. 0-0 0-0 8. b3 Re8 9. Qc2 Qc7 10. Bd3 e5 11. Bb2 Nf8 12. h3 Bd7 13. b4 b6 14. Rfc1 exd4 15. exd4 Re7 16. Re1 Rae8 17. Rxe7 Rxe7 18. d5 cxd5 19. cxd5 Be8 20. Qd2 Qd8 21. Nd4 Nh5 22. Be2 Nf6 23. Bf3 Re5 24. b5 g5 25. Nc6 Bxc6 26. bxc6 a6 27. Qd3 b5 28. Ne2 Re8 29. Ng3 Ng6 30. Rc1 Ne5 31. Bxe5 Rxe5 32. c7 Qc8 33. Be4 Nxe4 34. Nxe4 Bf8 35. Nf6+ Kg7 36. Nd7 1-0

[Event "Subotica City-ch"]
[Site "Subotica"]
[Date "2019.03.08"]
[Round "6"]
[White "Hegedus, Antal"]
[Black "Tomik, Lajos"]
[Result "1-0"]
[WhiteElo "1917"]
[BlackElo "1982"]
[PlyCount "94"]
[EventDate "2019.02.25"]
[EventType "swiss"]
[EventRounds "9"]
[EventCountry "SRB"]
[SourceTitle "CBM 189 Extra"]
[Source "ChessBase"]
[SourceDate "2019.06.03"]
[SourceVersion "1"]
[SourceVersionDate "2019.06.03"]
[SourceQuality "1"]

1. d4 Nf6 2. Nf3 e6 3. g3 d5 4. Bg2 c5 5. c3 Nc6 6. e3 Qc7 7. Nbd2 b6 8. 0-0 Bb7 9. Qa4 Bd6 10. a3 0-0 11. Re1 e5 12. dxe5 Nxe5 13. Nxe5 Bxe5 14. Nf3 Bc6 15. Qb3 Bd6 16. Rd1 Rad8 17. Qc2 a5 18. b3 Qb7 19. Ne1 Rfe8 20. Bb2 b5 21. Rab1 c4 22. b4 Bc7 23. Rd2 Ne4 24. Bxe4 Rxe4 25. Rd4 f5 26. Rbd1 Bb6 27. Rxe4 fxe4 28. Qe2 Qc8 29. Nc2 a4 30. Rd2 Rd6 31. f4 Bd7 32. Qf2 Bh3 33. Nd4 Bxd4 34. Rxd4 Bg4 35. Bc1 Qf5 36. Bd2 Rf6 37. Be1 g5 38. Qd2 Rd6 39. Bf2 Kf7 40. fxg5 Ke6 41. Be1 Qxg5 42. Qf2 Bf3 43. h3 Rd8 44. g4 h5 45. Qh4 Qxe3+ 46. Bf2 Qc1+ 47. Be1 Rg8 1-0

[Event "Subotica City-ch"]
[Site "Subotica"]
[Date "2019.03.04"]
[Round "4"]
[White "Smit, Jovan"]
[Black "Tomik, Lajos"]
[Result "0-1"]
[WhiteElo "1801"]
[BlackElo "1982"]
[PlyCount "146"]
[EventDate "2019.02.25"]
[EventType "swiss"]
[EventRounds "9"]
[EventCountry "SRB"]
[SourceTitle "CBM 189 Extra"]
[Source "ChessBase"]
[SourceDate "2019.06.03"]
[SourceVersion "1"]
[SourceVersionDate "2019.06.03"]
[SourceQuality "1"]

1. e4 d6 2. Nf3 e6 3. d4 Nf6 4. Nc3 c6 5. Bd3 Nbd7 6. Be3 Qc7 7. h3 Be7 8. 0-0 e5 9. Ne2 d5 10. Ng3 dxe4 11. Nxe4 Nxe4 12. Bxe4 Nf6 13. Qd3 exd4 14. Bxd4 Nxe4 15. Qxe4 f5 16. Qd3 0-0 17. Rfe1 b5 18. Rad1 c5 19. Qc3 b4 20. Qc4+ Kh8 21. Rxe7 Qxe7 22. Bxc5 Qc7 23. Ne5 Ba6 24. Qxa6 Qxc5 25. Qe6 Qxc2 26. Rd4 Qc1+ 27. Kh2 Qc7 28. g3 Rf6 29. Qd5 Re8 30. Qb5 Rfe6 31. Nf3 Qc6 32. Qxc6 Rxc6 33. Rxb4 Rb6 34. Rxb6 axb6 35. Nd4 g6 36. Kg2 Re4 37. Nc6 Re2 38. a4 Rxb2 39. a5 b5 40. a6 Ra2 41. a7 Ra3 42. Kf1 Kg7 43. Ke2 Kf7 44. Kd2 Ke8 45. Kc2 b4 46. Nxb4 Rxa7 47. Kd2 Kf7 48. Ke2 Ra4 49. Nd5 g5 50. Kf3 h5 51. Kg2 Ke6 52. Nc3 Rc4 53. Nd1 g4 54. Ne3 Ra4 55. h4 Ke5 56. Nf1 Ke4 57. Ne3 Ra2 58. Nd1 Rc2 59. Ne3 Rd2 60. Nf1 Re2 61. Kg1 Ra2 62. Kg2 Re2 63. Kg1 Kd3 64. Kg2 Re8 65. Nh2 Ra8 66. Nf1 Ke2 67. Ne3 Ra5 68. Nc4 Rd5 69. Ne3 Rb5 70. Nc4 Rb3 71. Ne3 Rxe3 72. fxe3 Kxe3 73. Kh2 Kf2 0-1

[Event "Subotica City-ch"]
[Site "Subotica"]
[Date "2019.02.25"]
[Round "1"]
[White "Tomik, Lajos"]
[Black "Pavlovic, Valentina"]
[Result "1/2-1/2"]
[WhiteElo "1982"]
[BlackElo "1605"]
[PlyCount "80"]
[EventDate "2019.02.25"]
[EventType "swiss"]
[EventRounds "9"]
[EventCountry "SRB"]
[SourceTitle "CBM 189 Extra"]
[Source "ChessBase"]
[SourceDate "2019.06.03"]
[SourceVersion "1"]
[SourceVersionDate "2019.06.03"]
[SourceQuality "1"]

1. d4 e6 2. c4 d5 3. Nf3 Nf6 4. Bg5 Be7 5. Nc3 0-0 6. e3 Nc6 7. Rc1 h6 8. Bh4 dxc4 9. Bxc4 Nd5 10. Bxe7 Ncxe7 11. e4 Nxc3 12. Rxc3 Ng6 13. 0-0 c6 14. a3 Qe7 15. Re1 e5 16. d5 Rd8 17. Qc2 Bg4 18. Ba2 Rac8 19. dxc6 Bxf3 20. Rxf3 Rxc6 21. Rxf7 Rxc2 22. Rxe7+ Kh7 23. Rxb7 Rdd2 24. Rf1 Nf4 25. Rxa7 Ne2+ 26. Kh1 Rc1 27. Rxc1 Nxc1 28. g3 Nxa2 29. Kg2 Rxb2 30. Ra5 Rb3 31. Rxe5 Rxa3 32. g4 Nc3 33. h4 Ra4 34. f3 Ra2+ 35. Kh3 Rf2 36. Kg3 Rf1 37. Kg2 Re1 38. h5 Re2+ 39. Kg3 Re3 40. Kf2 Re2+ 1/2-1/2

[Event "Senta op 21st"]
[Site "Senta"]
[Date "2017.07.27"]
[Round "4"]
[White "Mak, Janos"]
[Black "Tomik, Lajos"]
[Result "0-1"]
[WhiteElo "1744"]
[BlackElo "2020"]
[PlyCount "148"]
[EventDate "2017.07.24"]
[EventType "swiss"]
[EventRounds "9"]
[EventCountry "SRB"]
[SourceTitle "CBM 179 Extra"]
[Source "ChessBase"]
[SourceDate "2017.08.23"]
[SourceVersion "1"]
[SourceVersionDate "2017.08.23"]
[SourceQuality "1"]

1. e4 c5 2. Nf3 d6 3. d4 cxd4 4. Qxd4 Nc6 5. Bb5 Bd7 6. Bxc6 bxc6 7. Bd2 e5 8. Qd3 Be7 9. c4 Qc7 10. 0-0 Nf6 11. Nc3 0-0 12. Rac1 Rad8 13. Rfe1 Be6 14. Ng5 Bg4 15. b3 h6 16. Nf3 Nd7 17. b4 f5 18. h3 fxe4 19. Qxe4 Bf5 20. Qe2 Bf6 21. Ne4 Rf7 22. Nxf6+ Nxf6 23. Nh4 Bh7 24. Qe3 Ne4 25. Nf3 Rdf8 26. Re2 Nxd2 27. Nxd2 Qe7 28. a3 Rf5 29. Rd1 Rd8 30. Nf3 Qc7 31. Red2 Rf6 32. Qb3 Kh8 33. Nxe5 Rdf8 34. Ng4 Re6 35. Qc3 h5 36. Nh2 Qe7 37. Kf1 Be4 38. f3 Qg5 39. Rf2 Bf5 40. f4 Qe7 41. Rf3 Re2 42. Re1 Re8 43. Rxe2 Qxe2+ 44. Kg1 Be4 45. Rg3 Re7 46. Nf1 d5 47. cxd5 Bxd5 48. Ne3 h4 49. Rg4 Qxe3+ 50. Qxe3 Rxe3 51. Rxh4+ Kg8 52. Rh5 Rxa3 53. b5 Rc3 54. bxc6 Bxc6 55. Ra5 Rc2 56. g4 Rg2+ 57. Kf1 Rg3 58. Rxa7 Rxh3 59. Rc7 Bh1 60. g5 Rg3 61. Kf2 Rg4 62. Ke3 Kh7 63. Rc2 Kg6 64. Rh2 Bd5 65. Rd2 Be6 66. Rd6 Kf5 67. Rd8 Rg3+ 68. Kf2 Ra3 69. Re8 Ra6 70. Ke3 Bf7 71. Re7 Re6+ 72. Rxe6 Bxe6 73. Kf3 Bd5+ 74. Kg3 g6 0-1

[Event "Senta op 21st"]
[Site "Senta"]
[Date "2017.07.25"]
[Round "2"]
[White "Yordanov, Lachezar"]
[Black "Tomik, Lajos"]
[Result "1-0"]
[WhiteElo "2246"]
[BlackElo "2020"]
[PlyCount "71"]
[EventDate "2017.07.24"]
[EventType "swiss"]
[EventRounds "9"]
[EventCountry "SRB"]
[SourceTitle "CBM 179 Extra"]
[Source "ChessBase"]
[SourceDate "2017.08.23"]
[SourceVersion "1"]
[SourceVersionDate "2017.08.23"]
[SourceQuality "1"]

1. b3 e5 2. Bb2 Nc6 3. e3 d5 4. Bb5 Bd6 5. Nf3 Qe7 6. d4 e4 7. Ne5 Bxe5 8. dxe5 Be6 9. Nc3 a6 10. Bxc6+ bxc6 11. Qd4 Nh6 12. Na4 0-0 13. 0-0-0 Rfb8 14. f3 Nf5 15. Qd2 exf3 16. gxf3 Qb4 17. c3 Qf8 18. h4 Rb5 19. Rdg1 g6 20. h5 Qg7 21. e4 Ne7 22. Qg5 Re8 23. h6 Qf8 24. Ba3 dxe4 25. fxe4 f6 26. Qxf6 Qxf6 27. exf6 Nc8 28. Nc5 Bf7 29. c4 Ra5 30. Kb2 Nd6 31. Bb4 Rxc5 32. Bxc5 Nxe4 33. Be7 Be6 34. Rh4 Nd6 35. Rxg6+ hxg6 36. h7+ 1-0

[Event "Subotica-ch op"]
[Site "Subotica"]
[Date "2017.03.13"]
[Round "9"]
[White "Tomik, Lajos"]
[Black "Kovacs, Istvan A"]
[Result "1-0"]
[WhiteElo "1991"]
[BlackElo "1882"]
[PlyCount "103"]
[EventDate "2017.02.22"]
[EventType "swiss"]
[EventRounds "9"]
[EventCountry "SRB"]
[SourceTitle "CBM 177 Extra"]
[Source "ChessBase"]
[SourceDate "2017.04.27"]
[SourceVersion "1"]
[SourceVersionDate "2017.04.27"]
[SourceQuality "1"]

1. g3 d5 2. Bg2 Nf6 3. Nf3 c6 4. d3 Bg4 5. Nbd2 Nbd7 6. h3 Bxf3 7. Nxf3 e6 8. b3 Qa5+ 9. Bd2 Bb4 10. 0-0 Bxd2 11. Nxd2 0-0 12. c4 Rfd8 13. Qc2 Rac8 14. a3 Qc7 15. b4 a5 16. Rfc1 axb4 17. axb4 Qb8 18. e3 b5 19. c5 Qb7 20. Nb3 Ra8 21. Na5 Qc7 22. d4 Rac8 23. Rf1 e5 24. Ra2 Nb8 25. Nb3 g6 26. Rfa1 Qe7 27. dxe5 Qxe5 28. Nd4 Nh5 29. Ra8 Ng7 30. Qd1 Ne6 31. R1a7 Nxd4 32. exd4 Qe6 33. Ra3 Re8 34. Re3 Qd7 35. h4 Rxe3 36. fxe3 Qe6 37. Qf3 f5 38. Bh3 h5 39. Qf4 Qe8 40. Ra7 Rd8 41. Kf2 Rd7 42. Ra8 Rd8 43. Qg5 Kh7 44. Ke2 Qf8 45. Qf4 Kg7 46. Qe5+ Kh6 47. Qc7 Qe8 48. Bg2 Rc8 49. Qf4+ Kg7 50. Ra7+ Kf6 51. Qg5+ Ke6 52. Rg7 1-0

[Event "Subotica-ch op"]
[Site "Subotica"]
[Date "2017.02.22"]
[Round "1"]
[White "Tomik, Lajos"]
[Black "Mandic, Ivan"]
[Result "1-0"]
[WhiteElo "1991"]
[BlackElo "1511"]
[PlyCount "33"]
[EventDate "2017.02.22"]
[EventType "swiss"]
[EventRounds "9"]
[EventCountry "SRB"]
[SourceTitle "CBM 177 Extra"]
[Source "ChessBase"]
[SourceDate "2017.04.27"]
[SourceVersion "1"]
[SourceVersionDate "2017.04.27"]
[SourceQuality "1"]

1. d4 d5 2. c4 c6 3. Nf3 Nf6 4. Nc3 h6 5. e3 Bg4 6. cxd5 cxd5 7. Qb3 b6 8. Ne5 Bc8 9. Bb5+ Bd7 10. Nxd5 e6 11. Nxf6+ gxf6 12. Nxd7 Nxd7 13. Bd2 Bd6 14. Qa4 a5 15. Rc1 Rc8 16. Bxd7+ Qxd7 17. Rxc8+ 1-0

[Event "Senta op 19th"]
[Site "Senta"]
[Date "2015.07.14"]
[Round "5"]
[White "Meszaros, Bela"]
[Black "Tomik, Lajos"]
[Result "1-0"]
[WhiteElo "2206"]
[BlackElo "2021"]
[PlyCount "97"]
[EventDate "2015.07.11"]
[EventType "swiss"]
[EventRounds "9"]
[EventCountry "SRB"]
[SourceTitle "EXT 2016"]
[Source "ChessBase"]
[SourceDate "2015.10.08"]
[SourceVersion "1"]
[SourceVersionDate "2015.10.08"]
[SourceQuality "1"]

1. e4 c5 2. Nf3 d6 3. d4 cxd4 4. Nxd4 Nf6 5. Nc3 a6 6. a4 e5 7. Nb3 Be6 8. Bd3 Nc6 9. 0-0 Nb4 10. Re1 Nxd3 11. Qxd3 Be7 12. Nd2 Rc8 13. Nf1 Bc4 14. Qg3 Bxf1 15. Kxf1 Kf8 16. Bg5 h6 17. Be3 g6 18. Rad1 Qc7 19. Kg1 Qc4 20. Qh3 h5 21. Bg5 Qe6 22. Qxe6 fxe6 23. Bxf6 Bxf6 24. Rxd6 Ke7 25. Red1 Rc7 26. Rb6 Re8 27. Rd3 Kf7 28. Kf1 Ree7 29. Rf3 Kg7 30. Ke2 Bg5 31. Rd3 Bc1 32. Kd1 Bg5 33. f3 h4 34. h3 Rc4 35. b3 Rc8 36. Na2 Bf4 37. Rbd6 Rcc7 38. Nc3 Bg3 39. Ne2 Bf2 40. c3 Kh6 41. Kc2 Kg5 42. Rd8 Bc5 43. Kb2 a5 44. Rg8 Rf7 45. Rdd8 b6 46. Nc1 Rfd7 47. Nd3 Be7 48. Rxd7 Rxd7 49. Rxg6+ 1-0

[Event "Subotica-ch"]
[Site "Subotica"]
[Date "2014.02.24"]
[Round "3"]
[White "Nadj Hedjesi, Balind"]
[Black "Tomik, Lajos"]
[Result "1-0"]
[WhiteElo "2397"]
[BlackElo "2052"]
[PlyCount "51"]
[EventDate "2014.02.19"]
[EventType "swiss"]
[EventRounds "9"]
[EventCountry "SRB"]
[SourceTitle "CBM 159 Extra"]
[Source "ChessBase"]
[SourceDate "2014.04.24"]
[SourceVersion "1"]
[SourceVersionDate "2014.04.24"]
[SourceQuality "1"]

1. e4 c5 2. Ne2 Nc6 3. g3 g6 4. Bg2 Bg7 5. c3 Qb6 6. 0-0 d6 7. h3 e6 8. Na3 Nge7 9. b3 0-0 10. Bb2 e5 11. d4 cxd4 12. cxd4 Nxd4 13. Nxd4 exd4 14. Nc4 Qc7 15. Bxd4 Bxd4 16. Qxd4 Rd8 17. Rac1 Nc6 18. Qf6 Be6 19. Ne3 Qa5 20. f4 Qxa2 21. f5 Bxb3 22. Ng4 Rac8 23. Nh6+ Kf8 24. fxg6 hxg6 25. Ra1 Qd2 26. Nxf7 1-0

[Event "Subotica-ch"]
[Site "Subotica"]
[Date "2014.02.21"]
[Round "2"]
[White "Tomik, Lajos"]
[Black "Doslov, Ostoja"]
[Result "1-0"]
[WhiteElo "2052"]
[BlackElo "1875"]
[PlyCount "31"]
[EventDate "2014.02.19"]
[EventType "swiss"]
[EventRounds "9"]
[EventCountry "SRB"]
[SourceTitle "CBM 159 Extra"]
[Source "ChessBase"]
[SourceDate "2014.04.24"]
[SourceVersion "1"]
[SourceVersionDate "2014.04.24"]
[SourceQuality "1"]

1. d4 e6 2. Nf3 Nf6 3. c4 d5 4. Nc3 dxc4 5. e3 Bb4 6. Bxc4 c5 7. 0-0 0-0 8. a3 cxd4 9. exd4 Be7 10. Qe2 a6 11. Bd3 Nc6 12. Rd1 Qc7 13. Bg5 Ng4 14. Bxe7 Nxd4 15. Bxh7+ Kxh7 16. Rxd4 1-0

[Event "Subotica-ch"]
[Site "Subotica"]
[Date "2013.05.27"]
[Round "7"]
[White "Tomik, Lajos"]
[Black "Fatyol, Istvan"]
[Result "1-0"]
[WhiteElo "2079"]
[BlackElo "1926"]
[PlyCount "128"]
[EventDate "2013.05.13"]
[EventType "swiss"]
[EventRounds "9"]
[EventCountry "SRB"]
[SourceTitle "CBM 154 Extra"]
[Source "ChessBase"]
[SourceDate "2013.06.25"]
[SourceVersion "2"]
[SourceVersionDate "2013.06.25"]
[SourceQuality "1"]

1. d4 Nf6 2. c4 e6 3. Nf3 b6 4. a3 Bb7 5. Nc3 Be7 6. Qc2 0-0 7. g3 d5 8. cxd5 Nxd5 9. Bg2 Nd7 10. 0-0 Rc8 11. Ne4 h6 12. Ne5 c6 13. Rd1 Qc7 14. Nxd7 Qxd7 15. b4 Ba6 16. Bb2 f5 17. Nc3 Rf6 18. Rac1 Bb7 19. Qb3 Kh8 20. e3 Qe8 21. Rc2 Bd6 22. Ne2 Rf7 23. Nf4 Bxf4 24. exf4 Qd7 25. Rdc1 Rff8 26. Re2 Rfe8 27. Re5 Re7 28. Rce1 Qd6 29. Bf1 b5 30. Bg2 Rce8 31. Bf3 g6 32. Qc2 Kh7 33. h3 Bc8 34. Rc1 Bb7 35. Qd2 Rf8 36. Rce1 Nb6 37. Be2 Nd5 38. Bd3 Kg7 39. Qe2 Bc8 40. Bc2 a6 41. Qd3 Bd7 42. Bc1 Be8 43. Kh1 Nf6 44. Bb2 Nd5 45. R5e2 Bd7 46. Rg1 Be8 47. f3 h5 48. Bc1 Rh8 49. Rh2 Kf8 50. Bb3 Nf6 51. Re2 Bd7 52. Re5 Kf7 53. Kg2 Nd5 54. Kf1 Nf6 55. Bd2 Nd5 56. a4 Ree8 57. Qe2 Nf6 58. Qf2 Nd5 59. g4 hxg4 60. fxg4 Qe7 61. Be1 Reg8 62. Qf3 Qd6 63. Bf2 Nf6 64. gxf5 gxf5 1-0

[Event "Backa Topola-ch"]
[Site "Backa Topola"]
[Date "2012.12.05"]
[Round "8"]
[White "Tomik, Lajos"]
[Black "Vucelic, Rade"]
[Result "1-0"]
[WhiteElo "2076"]
[BlackElo "1983"]
[PlyCount "205"]
[EventDate "2012.11.19"]
[EventType "swiss"]
[EventRounds "9"]
[EventCountry "SRB"]
[SourceTitle "EXT 2014"]
[Source "ChessBase"]
[SourceDate "2013.11.20"]
[SourceVersion "1"]
[SourceVersionDate "2013.11.20"]
[SourceQuality "1"]

1. d4 Nf6 2. Nf3 e6 3. c4 b6 4. a3 Ba6 5. Qc2 c5 6. d5 exd5 7. cxd5 Be7 8. Nc3 0-0 9. g3 d6 10. Bg2 Re8 11. 0-0 Nbd7 12. b3 Bf8 13. Bb2 g6 14. Rfe1 Bg7 15. e4 Qc7 16. Nd2 b5 17. f4 Rac8 18. h3 Nh5 19. Kh2 Bd4 20. Nf1 Ng7 21. Ne2 Bxb2 22. Qxb2 Bb7 23. Ng1 Re7 24. Ne3 Rce8 25. Ng4 Bxd5 26. Nh6+ Kf8 27. f5 f6 28. fxg6 hxg6 29. Rf1 Bf7 30. Rf2 Nh5 31. Ne2 Kg7 32. Nxf7 Rxf7 33. Nf4 Nxf4 34. gxf4 Nf8 35. Rg1 Kh7 36. Kh1 Qe7 37. Qe2 a6 38. f5 g5 39. Bf3 Rg7 40. Rh2 Kg8 41. h4 Nh7 42. Rhg2 Kh8 43. Bh5 Rc8 44. Bg6 c4 45. Qg4 cxb3 46. hxg5 fxg5 47. Rh2 Rc4 48. f6 Qxf6 49. Bf5 Rc2 50. Rh5 b2 51. Qh3 Qe7 52. Qb3 Rc1 53. Qxb2 Rxg1+ 54. Kxg1 Qe5 55. Qxe5 dxe5 56. Rh6 Ra7 57. Re6 Kg7 58. Rxe5 Nf8 59. Kf2 Ng6 60. Rc5 Ne7 61. Bg4 Kf6 62. Ke3 Rb7 63. e5+ Kg6 64. Bf3 Ra7 65. Be4+ Kg7 66. Kf3 Kf7 67. Bc2 Kg7 68. Kg4 Kh6 69. Rc3 Nd5 70. Rc6+ Kg7 71. Kxg5 Rc7 72. Rg6+ Kf8 73. Bb3 Re7 74. Kf5 Ne3+ 75. Ke4 Nc4 76. Bxc4 bxc4 77. Rc6 a5 78. Rxc4 Rd7 79. Rc8+ Ke7 80. Ra8 Rc7 81. Rxa5 Rc1 82. Ra7+ Ke6 83. Ra6+ Ke7 84. a4 Re1+ 85. Kd4 Rd1+ 86. Kc5 Rc1+ 87. Kb6 Kd7 88. Ra7+ Ke6 89. Ra5 Kd7 90. Rc5 Rb1+ 91. Ka7 Rb4 92. a5 Rb3 93. a6 Rb4 94. Ka8 Rb6 95. a7 Rb4 96. Rc2 Rb6 97. Rd2+ Kc7 98. Rh2 Kc8 99. Rh8+ Kd7 100. e6+ Rxe6 101. Kb7 Re3 102. a8Q Rb3+ 103. Ka6 1-0

[Event "Backa Topola-ch"]
[Site "Backa Topola"]
[Date "2012.11.28"]
[Round "5"]
[White "Nagy, Attila"]
[Black "Tomik, Lajos"]
[Result "1/2-1/2"]
[WhiteElo "2205"]
[BlackElo "2076"]
[PlyCount "70"]
[EventDate "2012.11.19"]
[EventType "swiss"]
[EventRounds "9"]
[EventCountry "SRB"]
[SourceTitle "EXT 2014"]
[Source "ChessBase"]
[SourceDate "2013.11.20"]
[SourceVersion "1"]
[SourceVersionDate "2013.11.20"]
[SourceQuality "1"]

1. d4 Nf6 2. c4 e6 3. Nf3 b6 4. g3 Bb7 5. Bg2 Bb4+ 6. Bd2 Be7 7. 0-0 0-0 8. Nc3 Ne4 9. d5 Nxd2 10. Qxd2 Qc8 11. Rfd1 f5 12. Nb5 a6 13. Nxc7 Qxc7 14. d6 Bxd6 15. Qxd6 Rc8 16. Ne5 Bxg2 17. Kxg2 Ra7 18. Rac1 Rb7 19. b3 Qxd6 20. Rxd6 Kf8 21. Rcd1 Ke7 22. f4 Rcc7 23. Kf3 Nc6 24. Nxc6+ Rxc6 25. Rxc6 dxc6 26. e4 g6 27. Ke3 a5 28. e5 Rd7 29. Rxd7+ Kxd7 30. Kd4 Kc7 31. a3 c5+ 32. Ke3 Kd7 33. h3 h5 34. Kd3 Kd8 35. Kc3 Kc7 1/2-1/2

[Event "Subotica-ch"]
[Site "Subotica"]
[Date "2012.05.11"]
[Round "3"]
[White "Takacs, Tibor"]
[Black "Tomik, Lajos"]
[Result "1-0"]
[WhiteElo "1946"]
[BlackElo "2130"]
[PlyCount "89"]
[EventDate "2012.05.07"]
[EventType "swiss"]
[EventRounds "9"]
[EventCountry "SRB"]
[SourceTitle "CBM 148 Extra"]
[Source "ChessBase"]
[SourceDate "2012.06.22"]
[SourceVersion "1"]
[SourceVersionDate "2012.06.22"]
[SourceQuality "1"]

1. e4 c5 2. c3 d5 3. exd5 Qxd5 4. d4 Nc6 5. Nf3 Nf6 6. c4 Qe4+ 7. Be3 Nb4 8. Nc3 Qf5 9. Rc1 Ng4 10. a3 Nxe3 11. fxe3 Na6 12. Bd3 Qe6 13. Nd5 Qh6 14. 0-0 e6 15. Nf4 Bd6 16. Ne5 Bxe5 17. dxe5 Qg5 18. Qf3 0-0 19. Qe4 g6 20. Nh3 Qh6 21. Rf6 Bd7 22. Rcf1 Bc6 23. Qf4 Qxf4 24. Nxf4 Rad8 25. h4 Nb8 26. h5 Nd7 27. hxg6 hxg6 28. Nxe6 Nxf6 29. Nxd8 Rxd8 30. Bxg6 fxg6 31. Rxf6 Kg7 32. b4 cxb4 33. axb4 Rd2 34. b5 Rxg2+ 35. Kf1 Rg5 36. bxc6 bxc6 37. Rxc6 Rxe5 38. Ke2 Kf7 39. Ra6 Re7 40. Kd3 g5 41. e4 g4 42. Ke3 Rc7 43. Ra4 Ke6 44. Kf4 Rg7 45. Ra6+ 1-0

[Event "Subotica-ch"]
[Site "Subotica"]
[Date "2012.05.09"]
[Round "2"]
[White "Tomik, Lajos"]
[Black "Hegedus, Antal"]
[Result "0-1"]
[WhiteElo "2130"]
[BlackElo "1954"]
[PlyCount "164"]
[EventDate "2012.05.07"]
[EventType "swiss"]
[EventRounds "9"]
[EventCountry "SRB"]
[SourceTitle "CBM 148 Extra"]
[Source "ChessBase"]
[SourceDate "2012.06.22"]
[SourceVersion "1"]
[SourceVersionDate "2012.06.22"]
[SourceQuality "1"]

1. d4 d5 2. c4 e6 3. Nc3 Nf6 4. cxd5 exd5 5. Bg5 c6 6. Nf3 Nbd7 7. Qc2 Qa5 8. Bd2 Bb4 9. e3 0-0 10. Bd3 Re8 11. 0-0 Bxc3 12. Bxc3 Qc7 13. Ne5 Nf8 14. f3 a5 15. Rae1 c5 16. Bb5 Re7 17. a4 cxd4 18. exd4 Be6 19. Qd2 Bf5 20. Kh1 Ne6 21. Rc1 Qb6 22. b4 axb4 23. Bxb4 Rc7 24. Rxc7 Qxc7 25. Rc1 Qd8 26. g4 Bg6 27. Qc3 Ne8 28. Bd7 Nf4 29. Qc5 Nf6 30. Bb5 Ne6 31. Qc3 h5 32. h3 hxg4 33. Nxg6 fxg6 34. hxg4 Nh7 35. Rc2 Qf6 36. Bc5 Nhg5 37. Bd7 Nf8 38. Bxf8 Rxf8 39. Qe3 Rd8 40. Rc7 Nxf3 41. Qe6+ Qxe6 42. Bxe6+ Kh7 43. Rxb7 Nxd4 44. Bf7 Ne2 45. Rb2 Ng3+ 46. Kg1 Kh6 47. Rb7 Ne2+ 48. Kf2 Nf4 49. Kf3 Kg5 50. Rb5 Rf8 51. Bxd5 Nxd5+ 52. Ke4 Rf4+ 53. Kd3 Kxg4 54. Rxd5 Rxa4 55. Rd7 g5 56. Rxg7 Rf4 57. Ke3 Rf8 58. Ke2 Kh4 59. Ke1 g4 60. Ra7 Kh3 61. Rh7+ Kg2 62. Re7 Rf1+ 63. Ke2 g3 64. Rg7 Rf4 65. Re7 Rh4 66. Ke1 Kh2 67. Rg7 g2 68. Kf2 Rf4+ 69. Ke3 Rf8 70. Rh7+ Kg1 71. Ra7 Rf1 72. Ra8 Rf5 73. Rh8 Re5+ 74. Kd2 Re4 75. Kd3 Re6 76. Rf8 Kh2 77. Rh8+ Kg3 78. Rg8+ Kf2 79. Rf8+ Ke1 80. Rg8 Re2 81. Rg7 Kf1 82. Rg8 Rf2 0-1

[Event "Backa Topola-ch"]
[Site "Backa Topola"]
[Date "2011.11.30"]
[Round "9"]
[White "Tomik, Lajos"]
[Black "Pacal, Mihaly"]
[Result "0-1"]
[WhiteElo "2154"]
[BlackElo "2135"]
[PlyCount "95"]
[EventDate "2011.11.11"]
[EventType "swiss"]
[EventRounds "9"]
[EventCountry "SRB"]
[SourceTitle "CBM 145 Extra"]
[Source "ChessBase"]
[SourceDate "2012.01.03"]
[SourceVersion "1"]
[SourceVersionDate "2012.01.03"]
[SourceQuality "1"]

1. Nf3 Nf6 2. g3 g6 3. Bg2 Bg7 4. d4 c5 5. 0-0 0-0 6. c4 cxd4 7. Nxd4 Nc6 8. Nxc6 bxc6 9. Nc3 Rb8 10. e4 d6 11. h3 Nd7 12. Qc2 Ne5 13. b3 c5 14. Rb1 Nc6 15. Be3 Bd7 16. Nd5 Re8 17. Kh2 Bd4 18. Bxd4 Nxd4 19. Qd3 Bc6 20. Rbe1 e5 21. h4 Kg7 22. f3 Rf8 23. Rf2 f5 24. exf5 gxf5 25. Rg1 Kh8 26. Bh3 Rb7 27. Qd2 Rg7 28. f4 e4 29. Bg2 Rfg8 30. Bh1 Rg4 31. Ne3 Rxh4+ 32. Kg2 Rh6 33. Kf1 Rhg6 34. Qb2 Qf6 35. Rfg2 R8g7 36. Kf2 a5 37. Rh2 Rh6 38. Rxh6 Qxh6 39. Bg2 Qh2 40. Nf1 Qh6 41. Rh1 Qe6 42. Rh3 Qf6 43. Ne3 Kg8 44. Qc3 Qd8 45. Rh5 Be8 46. Rxf5 Bg6 47. Rg5 Rf7 48. Kg1 0-1

[Event "Backa Topola-ch"]
[Site "Backa Topola"]
[Date "2011.11.16"]
[Round "3"]
[White "Music, Nemanja"]
[Black "Tomik, Lajos"]
[Result "0-1"]
[WhiteElo "1826"]
[BlackElo "2154"]
[PlyCount "100"]
[EventDate "2011.11.11"]
[EventType "swiss"]
[EventRounds "9"]
[EventCountry "SRB"]
[SourceTitle "CBM 145 Extra"]
[Source "ChessBase"]
[SourceDate "2012.01.03"]
[SourceVersion "1"]
[SourceVersionDate "2012.01.03"]
[SourceQuality "1"]

1. d4 d5 2. Nf3 Nf6 3. g3 Bg4 4. Bg2 Nbd7 5. b3 e6 6. Bb2 Bb4+ 7. Nbd2 0-0 8. 0-0 Rc8 9. a3 Be7 10. Rc1 h6 11. c4 c6 12. Re1 Bf5 13. Ne5 Qb6 14. Nxd7 Nxd7 15. e4 dxe4 16. Nxe4 Nf6 17. Nc3 Rfd8 18. d5 cxd5 19. cxd5 Ng4 20. Re2 Bg5 21. Na4 Rxc1 22. Bxc1 Qc7 23. Bxg5 hxg5 24. Rd2 b5 25. d6 Qc8 26. Nb2 Nf6 27. a4 a6 28. axb5 axb5 29. Qe2 Ne8 30. Qd1 Qc5 31. d7 Nf6 32. Rd6 Bc2 33. Qd4 Qxd4 34. Rxd4 Rxd7 35. Rxd7 Nxd7 36. Bc6 Ne5 37. Bxb5 Bxb3 38. Be2 f5 39. f3 Kf7 40. Kf2 Kf6 41. Ba6 g4 42. f4 Nf3 43. Bb7 Nd4 44. Nd3 g5 45. Ne5 gxf4 46. gxf4 Bd5 47. Ba6 Nb3 48. Kg3 Nc5 49. Bb5 Ne4+ 50. Kg2 Nc3+ 0-1

[Event "Backa Topola-ch"]
[Site "Backa Topola"]
[Date "2010.12.06"]
[Round "9"]
[White "Szabados, Karoly"]
[Black "Tomik, Lajos"]
[Result "1-0"]
[WhiteElo "2096"]
[BlackElo "2139"]
[PlyCount "61"]
[EventDate "2010.11.17"]
[EventType "swiss"]
[EventRounds "9"]
[EventCountry "SRB"]
[SourceTitle "EXT 2019"]
[Source "ChessBase"]
[SourceDate "2018.10.10"]
[SourceVersion "1"]
[SourceVersionDate "2018.10.10"]
[SourceQuality "1"]

1. e4 c5 2. b4 cxb4 3. d4 e6 4. Bd3 d5 5. e5 Nc6 6. Nf3 f5 7. exf6 Nxf6 8. 0-0 Bd6 9. Bg5 0-0 10. c4 bxc3 11. Nxc3 a6 12. a3 Qc7 13. Qc2 b5 14. Ne2 Na5 15. Qb1 Nc4 16. Rc1 Qf7 17. Rc3 Bb7 18. Ng3 Bxg3 19. hxg3 Ne4 20. Qc2 Nxc3 21. Bxh7+ Kh8 22. Bg6 Ne2+ 23. Kh2 Nxd4 24. Nxd4 Qxf2 25. Qd1 Rf3 26. Nxf3 Ne3 27. Bxe3 Qxe3 28. Nh4 Qg5 29. Rc1 d4 30. Rc7 Qd5 31. Rxb7 1-0